00871nam a22002657a 450000500170000001000160001702000260003302000220005903500130008103700130009408200080010710000230011524500810013825000120021926000390023127000600027030000350033050000190036565000200038470000210040470000200042594200220044599900170046795201210048420180102143847.0 a ENG-114369 a9789339221188c699.00 a933921184c699.00 aEN-97901 bDBAD/PUB a339 aDornbusch, Rudiger aMacroeconomics /cbu Rudiger Dornbusch, Stanley Fischer [and] Richard Startz a11th ed aNoidabMcGraw Hill Educationc2015 aB-4, Sector-63, Dist. Gautam Budh Nagar bNoidae201301 axix,636p. : c25cm(pbk)bill. aIncludes index aMacroeconomics. aFischer, Stanley aStartz, Richard 2ddccENmDORh339 c97894d97894 001040718NFICaDBADbDBADd2015-10-21eDBAD/PUBg699.00l0o339 DORpEN-97901r2015-10-21 00:00:00t1v699.00yEN